00674nam a2200217 a 450000100100000000500170001000800410002702000150006804000130008308200180009610000330011424500790014726000370022630000270026350000320029050400470032265000200036965000230038965000170041265000270042900000736020200929154137.0090908s1997 dr a 001 0 spa d a8484001911 aDO-SdBNP a621.56bM843r1 aMoreno San Juan, José Luis10aNociones de refrigeración y temas afines /cJosé Luis Moreno San Juan. aSanto Domingo, :bTaller,c1997. a391 p. :bil ;c27 cm. aIncluye datos biográficos aIncluye referencias bibliográficas [391] 4aRefrigeración 4aAire acondicionado 4aFrigorificos 4aAlmacenamiento en frio